| 000 | 00706nas a22002057a 4500 | ||
|---|---|---|---|
| 003 | NALT | ||
| 005 | 20211007145804.0 | ||
| 008 | 170828b xxu||||| |||| 00| 0 tha d | ||
| 022 | _a19056958 | ||
| 040 | _aNALT | ||
| 041 | 0 | _atha | |
| 245 | 1 | 0 | _aAQUA BIZ |
| 260 | 3 |
_aนนทบุรี : _bบริษัท สำนักพิมพ์ ชบาเงิน จำกัด |
|
| 310 | _aรายเดือน | ||
| 500 | _aหยุดผลิตหลังปีที่ 11 ฉบับที่ 136 (มกราคม 2562) | ||
| 850 | _aNALT | ||
| 866 | 3 | 1 | _aปีที่ 11 ฉบับที่ 136 (ม.ค. 2562) |
| 942 |
_cJNR _2lcc |
||
| 998 |
_b34 _d2017-05-25 10:51:59.607 _j755 _k จินตนา เอี่ยมคง |
||
| 999 |
_c91939 _d91939 |
||